00852nam a2200229Ia 4500003000400000005001700004008004100021040000700062041000800069082002000077100003000097245005000127250000600177260004200183300001300225365001300238906005600251942001200307999001900319952014200338952014200480OSt20230419091429.0210423s2009 xx 000 0 und d cAL aeng a657.48 NARR223 aNARAYANASWAMY (R).980805 aFinancial accounting: managerial perspective. a2 aNew DelhibPHI Learning Pvt Ltdc2009 axiii,663 b375cINR aaccounting: ; Financial ; managerial ; perspective. 2ddccBK c155257d155257 001040708PGDBMaSACPGbSACPGd2009-11-04eHigginbothams Pvt Ltdg375.00l0o657.48 NARRpPG001729r2022-08-24 00:00:00w2021-04-26yBK 001040708PGDBMaSACPGbSACPGd2009-11-04eHigginbothams Pvt Ltdg375.00l0o657.48 NARRpPG001730r2022-08-24 00:00:00w2021-04-26yBK